[Event "Chess.com SIG Bullet KO"]
[Site "chess.com INT"]
[Date "2021.04.07"]
[Round "3.11"]
[White "Tang, Andrew"]
[Black "Firouzja, Alireza"]
[Result "1-0"]
[WhiteTitle "GM"]
[BlackTitle "GM"]
[WhiteElo "2538"]
[BlackElo "2759"]
[WhiteFideId "2059630"]
[BlackFideId "12573981"]
[EventDate "2021.04.06"]

1. d4 Nf6 2. g4 Nxg4 3. e4 d5 4. Be2 Nh6 5. Bxh6 gxh6 6. exd5 Qxd5 7. Bf3 Qb5 8.
Nc3 Qa5 9. Ne2 c6 10. Qd2 Bf5 11. O-O-O e6 12. Rhg1 Nd7 13. Qf4 O-O-O 14. d5 Qc7
15. d6 Qa5 16. Nd4 Bg6 17. Bxc6 e5 18. Bxb7+ Kxb7 19. Qf3+ e4 20. Nxe4 Qd5 21.
Rxg6 hxg6 22. Nb3 Ne5 23. Qe3 Nc4 24. Qc3 Qc6 25. Nbc5+ Ka8 26. Qxc4 Bg7 27.
Qxf7 Be5 28. Qe6 Bf4+ 29. Kb1 Rhe8 30. Qxg6 Rf8 31. a3 Rb8 32. Qe6 Rfe8 33. Qc4
Be5 34. c3 Bg7 35. d7 Red8 36. Ka2 Bf8 37. Rd5 Rb6 38. Qd4 Qb5 39. b4 Qe2+ 40.
Kb3 a5 41. Qd3 Qxd3 42. Rxd3 a4+ 43. Kxa4 Rc6 44. Kb3 Rc7 45. a4 Be7 46. a5
Rcxd7 47. Nxd7 Re8 48. Nb6+ Kb7 49. Rd7+ Kc6 50. c4 Bxb4 51. Kxb4 Rxe4 52. Rd5
Kc7 53. Rc5+ Kb7 54. Kb5 Re7 55. a6+ Kb8 56. Rc8+ Ka7 57. Rc6 Re8 58. Nc8+ Rxc8
59. Rxc8 1-0

[Event "Chess.com SIG Bullet KO"]
[Site "chess.com INT"]
[Date "2021.04.07"]
[Round "3.12"]
[White "Firouzja, Alireza"]
[Black "Tang, Andrew"]
[Result "1-0"]
[WhiteTitle "GM"]
[BlackTitle "GM"]
[WhiteElo "2759"]
[BlackElo "2538"]
[WhiteFideId "12573981"]
[BlackFideId "2059630"]
[EventDate "2021.04.06"]

1. e4 e5 2. Nf3 Nc6 3. Bb5 a6 4. Ba4 Nf6 5. O-O d6 6. c3 g6 7. d4 Bd7 8. Bg5 Bg7
9. Nbd2 h6 10. Bh4 b5 11. Bb3 O-O 12. Re1 Qc8 13. Nf1 Re8 14. Bxf6 Bxf6 15. Ne3
Bg7 16. Nd5 Na5 17. Bc2 Qd8 18. h3 c6 19. Ne3 Qc7 20. Qd2 Rad8 21. b4 Nb7 22. a4
a5 23. axb5 axb4 24. cxb4 cxb5 25. Nd5 Qb8 26. Bb3 Be6 27. Rac1 Rc8 28. Rxc8
Qxc8 29. Rc1 Qb8 30. Qd3 Kh7 31. Qxb5 exd4 32. Qd3 Rc8 33. Rxc8 Bxc8 34. Nxd4
Nd8 35. Nf3 Be6 36. b5 Nb7 37. Bc4 Nc5 38. Qe3 Qa7 39. g4 Qa1+ 40. Kg2 Qa4 41.
Be2 Nxe4 42. Nf4 Bc8 43. Bd3 Bb7 44. h4 Nf6 45. h5 Nxg4 46. hxg6+ fxg6 47. Bxg6+
Kg8 48. Qe8+ Bf8 49. Qf7+ Kh8 50. Qh7# 1-0

[Event "Chess.com SIG Bullet KO"]
[Site "chess.com INT"]
[Date "2021.04.07"]
[Round "3.13"]
[White "Tang, Andrew"]
[Black "Firouzja, Alireza"]
[Result "0-1"]
[WhiteTitle "GM"]
[BlackTitle "GM"]
[WhiteElo "2538"]
[BlackElo "2759"]
[WhiteFideId "2059630"]
[BlackFideId "12573981"]
[EventDate "2021.04.06"]

1. d4 Nf6 2. c4 e6 3. Nc3 Bb4 4. Qc2 b6 5. e4 c5 6. d5 Qe7 7. Ne2 exd5 8. exd5
d6 9. f3 O-O 10. Bd2 Nbd7 11. O-O-O Re8 12. Ng3 Qd8 13. a3 Ba5 14. Nf5 Ne5 15.
h3 a6 16. f4 Ng6 17. Bd3 b5 18. cxb5 Qb6 19. Na4 Bxd2+ 20. Qxd2 Qd8 21. b6 Bd7
22. Nc3 Bxf5 23. Bxf5 Qxb6 24. Rhe1 Rab8 25. g3 Nf8 26. Rxe8 Rxe8 27. Re1 Rb8
28. Bd3 Qb7 29. Bc4 N6d7 30. Re2 Nb6 31. Ba2 Qc8 32. g4 Qd7 33. Bb1 Re8 34. Bd3
Rxe2 35. Qxe2 a5 36. Bb5 Qd8 37. Bc6 h6 38. Ne4 Nc8 39. Kb1 Nh7 40. Qa6 Ne7 41.
Bb7 Nf6 42. Nxd6 Nfxd5 43. Nc4 Nxf4 44. h4 Neg6 45. h5 Nf8 46. Qxa5 Qd3+ 47. Ka1
Qf1+ 48. Ka2 Qxc4+ 49. Ka1 Qf1+ 50. Ka2 Nd3 51. Qc3 Nc1+ 52. Kb1 Ne2+ 0-1

[Event "Chess.com SIG Bullet KO"]
[Site "chess.com INT"]
[Date "2021.04.07"]
[Round "3.14"]
[White "Firouzja, Alireza"]
[Black "Tang, Andrew"]
[Result "1-0"]
[WhiteTitle "GM"]
[BlackTitle "GM"]
[WhiteElo "2759"]
[BlackElo "2538"]
[WhiteFideId "12573981"]
[BlackFideId "2059630"]
[EventDate "2021.04.06"]

1. e4 e5 2. Nf3 Nc6 3. Bb5 a6 4. Ba4 Nf6 5. d3 d6 6. c3 g6 7. Nbd2 Bg7 8. O-O
O-O 9. Re1 b5 10. Bc2 Bb7 11. Nf1 Re8 12. Ng3 Nb8 13. d4 Nbd7 14. a4 exd4 15.
cxd4 c5 16. d5 c4 17. Bg5 h6 18. Be3 Nc5 19. Bd4 Nfd7 20. Bxg7 Kxg7 21. Qd4+ Qf6
22. axb5 axb5 23. Qxf6+ Kxf6 24. Nd4 b4 25. Nb5 Ke7 26. Ne2 b3 27. Rxa8 Rxa8 28.
Bb1 Ne5 29. Nec3 Ncd3 30. Re2 Ra1 31. g3 Ba6 32. Nd4 Kd7 33. f4 Ng4 34. Kg2 Kc7
35. h3 Nf6 36. e5 Nd7 37. e6 fxe6 38. dxe6 Bb7+ 39. Kh2 Nf6 40. e7 Kd7 41. g4
Nxf4 42. Rf2 g5 43. Rf1 Kxe7 44. Re1+ Kd8 45. Rd1 N6d5 46. Ndb5 Kd7 47. Ne4 Kc6
48. Nbxd6 Ne3 49. Re1 Nc2 50. Rc1 Nd3 51. Rf1 Nxb2 52. Rf6 Nd3 53. Nxc4+ Kd5 54.
Ned2 Rxb1 55. Nb6+ Kc5 56. Nxb1 b2 57. Na4+ Kb5 58. Nxb2 Nxb2 59. Nc3+ Kc4 60.
Rb6 Nd4 61. Rxb2 Bc6 62. Ne2 Nf3+ 63. Kg3 Ne5 64. Rc2+ Kd3 65. Rc3+ Kxe2 66. Rc5
Nd3 67. Rxc6 Nf4 68. Rc2+ Ke3 69. Ra2 Ne2+ 70. Kg2 Nf4+ 71. Kh2 Ke4 72. Ra3 Ne2
73. Ra4+ Nd4 74. Ra2 h5 75. Ra3 hxg4 76. hxg4 Kf4 77. Kh3 Ne2 78. Ra4+ Kf3 79.
Ra3+ Kf2 80. Kh2 Nf4 81. Ra2+ Kf3 82. Ra3+ Kxg4 83. Kg1 Kh4 84. Kf1 g4 85. Kg1
Nh3+ 86. Kh1 Nf4 87. Ra4 Nh3 88. Rxg4+ 1-0

[Event "Chess.com SIG Bullet KO"]
[Site "chess.com INT"]
[Date "2021.04.07"]
[Round "3.15"]
[White "Tang, Andrew"]
[Black "Firouzja, Alireza"]
[Result "1-0"]
[WhiteTitle "GM"]
[BlackTitle "GM"]
[WhiteElo "2538"]
[BlackElo "2759"]
[WhiteFideId "2059630"]
[BlackFideId "12573981"]
[EventDate "2021.04.06"]

1. d4 Nf6 2. c4 e6 3. Nc3 Bb4 4. Qc2 b6 5. e4 c5 6. d5 Qe7 7. Ne2 exd5 8. exd5
O-O 9. f3 d6 10. Bd2 Nbd7 11. O-O-O Re8 12. Ng3 Qd8 13. Bd3 Ne5 14. Rhe1 a6 15.
a3 Ba5 16. f4 Nxd3+ 17. Qxd3 Bg4 18. Rxe8+ Qxe8 19. Re1 Qd7 20. h3 Bh5 21. Nxh5
Nxh5 22. g4 Nf6 23. g5 Nh5 24. f5 Re8 25. Re4 Rxe4 26. Nxe4 Qxf5 27. Nf6+ 1-0

[Event "Chess.com SIG Bullet KO"]
[Site "chess.com INT"]
[Date "2021.04.07"]
[Round "3.16"]
[White "Firouzja, Alireza"]
[Black "Tang, Andrew"]
[Result "0-1"]
[WhiteTitle "GM"]
[BlackTitle "GM"]
[WhiteElo "2759"]
[BlackElo "2538"]
[WhiteFideId "12573981"]
[BlackFideId "2059630"]
[EventDate "2021.04.06"]

1. e4 e5 2. Nc3 Nf6 3. d4 exd4 4. Qxd4 Nc6 5. Qe3 Bb4 6. Bd2 O-O 7. O-O-O Re8 8.
Bc4 Na5 9. Bd3 d5 10. Nf3 Ng4 11. Qe2 c6 12. h3 Nf6 13. e5 d4 14. Ne4 Nd5 15.
Neg5 h6 16. Qe4 Nf6 17. Qh4 Bxd2+ 18. Rxd2 hxg5 19. Nxg5 Rxe5 20. f4 Re3 0-1